000 00687cab a2200217 4500
001 WB3237-09
008 090401t1996 xxu||||| |||| 00| 0 eng d
035 _a(Sirsi) u13597
041 _aeng
245 _a`Ally Pally` is listed
260 _c1996
350 _a0
490 _aDepartment of National Heritage News Release
_v(DNH293/96) 1 October 1996 (2)
520 _aAlexandra Palace has been added to the list of buildings of special architectural or historic interest. It has been listed Grade II.
650 _aALEXANDRA PALACE
650 _aDEPARTMENT OF NATIONAL HERITAGE
650 _aLISTED BUILDINGS
690 _aCONSERVATION
942 _n0
948 _c04/03/1997
999 _c8758
_d8758